000 00767nmm a2200265 a 4500
003 AR-BaBNM
005 20251128211756.0
008 066020sc200 ||||||||||||||000 | spa||
020 _a987-21540-5-8
040 _cAR-BaBNM
100 1 _aValsecchi, Pedro Pablo
245 1 0 _aIdeas y estrategias para renovar la práctica docente
260 _aBuenos Aires
_bAula Consulta Ediciones
_cc2006
300 0 _a106 p.
504 _aContiene referencias bibliográficas
650 4 _aPROFESORES DE SECUNDARIA
650 4 _aTRABAJO EN EQUIPO
653 0 _aEDUCACION SECUNDARIA
653 0 _aEDUCACION POLIMODAL
653 0 _aSUJETO EDUCATIVO
653 0 _aINSTITUCIONES EDUCATIVAS
653 0 _aESTRATEGIAS DIDACTICAS
942 _cBK
998 _cme-solo cat
999 _c21056
_d21056